1501 1523 1867 1064 1266 1021 1676 1426 1176 1388 1129 1956 1832 1529 1138 1302 1640 1234 1336 1953 1012 1392 1021 1935 1810 1416 1985 1777 1271 1137 1477 1048 1264 1624 1581 1203 1551 1281 1414 1771 1539 1162 1559 1339 1245 1239 1916 1840 1571 1781 1040 1745 1579 1164 1242 1216 1121 1304 1318 1510 1120 1285 1038 1216 1588 1761 1980 1219 1531 1551 1318 1554 1146 1119 1501 1027 1380 1658 1437 1027 1870 1653 1294 1408 1255 1598 1727 1013 1009 1338 1764 1132 1678 1562 1663 1139 1378 1382 1664 BCNSPRNW ULIB Ver.6.0+V

เปลี่ยนเป็นภาษาไทย

Change to English
 แสดงรายละเอียดบรรณานุกรม
  กลับหน้าหลัก

Brief Record : Get Marc (ISO 2709) : E-mail record : QR code < ปิดหน้าต่าง
LEADER : 00000nam 2200000uu 4500
001    13399114245
003     ULIB
008    110901s||||||||th 000 0 tha d
050  4 LC268^bส181ค
110 1  สถาบันพระบรมราชชนก
245 10 คู่มือการดำเนินการเพื่อให้เกิดอัตลักษณ์บัณฑิต สถาบันพระบรมราชชนก/^cสถาบันพระบรมราชชนก
250    พิมพ์ครั้งที่ 12
260    นนทบุรี :^bสถาบันพระบรมราชชนก,^c2554
300    72 หน้า
650  7 อัตลักษณ์
650  7 จริยศึกษา
650  7 อัตลักษณ์บัณฑิตสถาบันพระบรมราชชนก
650  7 การบริการสุขภาพ
710 1  สถาบันพระบรมราชชนก
945    ^p0^l0^i031220
945    ^p0^l0^i031221
945    ^p0^l0^i031222
995    ทศพร
999 ^a ทศพร
รายการนี้ยังไม่มีแท็ก
คุณยังไม่ได้ล็อกอิน คุณสามารถมีกิจกรรมร่วมกับเว็บไซต์ได้ แต่ต้องล็อกอินก่อน ::
  ล็อกอิน

รายการสื่อสารสนเทศ

ลำดับที่ ประเภท เลขเรียก/บาร์โค้ด สถานที่ สถานะ
- ไม่พบข้อมูล -

รายการใกล้เคียง
    หัวเรื่อง [อัตลักษณ์]
    หัวเรื่อง [จริยศึกษา]
    หัวเรื่อง [การบริการสุขภาพ]

BibComment


ยังไม่เคยถูกคอมเมนท์

คอมเมนท์ทรัพยากรรายการนี้
  คอมเมนท์: คู่มือการดำเนินกา..


 Copyright 2026. Bcnsprnw @Library